| 000 | 00908cam a2200193 4500 | ||
|---|---|---|---|
| 001 | WB3914-03 | ||
| 008 | 030408n2003 000 0 eng u | ||
| 035 | _a(Sirsi) u121924 | ||
| 245 | _aACE warns on terrorist exclusion clauses | ||
| 260 | _c2003 | ||
| 490 |
_aNew Civil Engineer _v3 April 2003, 7(1) |
||
| 520 | _aThe Association of Consulting Engineers (ACE) has warned that designers of buildings struck by terrorist attacks will not be covered by professional indemnity (PI) insurance when their policies are renewed. An ACE briefing note advises members to exclude liability for structural failures of terrorist damaged buildings when agreeing client contracts. ACE at www.acenet.co.uk. | ||
| 590 | _aWB | ||
| 650 | _aPROFESSIONAL INDEMNITY INSURANCE | ||
| 650 | _aTERRORISM | ||
| 650 | _aBUILT ENVIRONMENT-CONSTRUCTION DESIGN | ||
| 690 | _aBUILT ENVIRONMENT-CONSTRUCTION DESIGN | ||
| 942 | _n0 | ||
| 999 |
_c72459 _d72459 |
||